Introductory soil science (Record no. 39152)
[ view plain ]
| 000 -LEADER | |
|---|---|
| fixed length control field | 00341nam a2200133Ia 4500 |
| 082 ## - DEWEY DECIMAL CLASSIFICATION NUMBER | |
| Classification number | 631.4 |
| Item number | NEG |
| 100 ## - MAIN ENTRY--AUTHOR NAME | |
| Personal name | Negi, S S |
| 245 #0 - TITLE STATEMENT | |
| Title | Introductory soil science |
| 260 ## - PUBLICATION, DISTRIBUTION, ETC. (IMPRINT) | |
| Place of publication | Dehra Dun |
| Name of publisher | Bishen Singh |
| Year of publication | 1983 |
| 490 ## - SERIES STATEMENT | |
| Series statement | Fundamentals of forestry v 3 |
| 650 ## - SUBJECT ADDED ENTRY--TOPICAL TERM | |
| Topical Term | Fertilizers |
| 942 ## - ADDED ENTRY ELEMENTS (KOHA) | |
| Koha item type | Books |
| Withdrawn status | Lost status | Damaged status | Not for loan | Home library | Current library | Date acquired | Full call number | Accession Number | Koha item type |
|---|---|---|---|---|---|---|---|---|---|
| RRII Library | RRII Library | 16/12/2021 | 631.4 NEG | 19496 | Books |